000 00480cam a22001934a 4500
005 20250605164250.0
008 250528s ||||||||||||||||||||||||d
035 _a21694
020 _a9780521540704
040 _aGR-AtMCL
_bgre
_dGR-AtMCL
_eAACR2
245 1 _aBUSINESS VOCABULARY IN USE ADVANCED
250 _a1
260 _bCambridge University Press,
_c2004
300 _a133
700 1 _aMascull Bill
_97631
942 _cBK
999 _c6754
_d6754